Pays non reconnus par l'ONU réclamant leur indépendance - Statistiques

Statistiques générales
  • Ce quiz a été pris 427 fois
    384 depuis la dernière actualisation
  • Le résultat moyen est 4 sur 9
Statistiques - réponses
Pays % Correct
Kosovo
58%
Ossétie du Sud
56%
Taïwan
50%
Abkhazie
47%
Somaliland
46%
République sahraouie
45%
Transnistrie
38%
Haut-Karabagh
35%
Chypre du Nord
26%
Aucun quiz correspondant
Distribution des résultats
% des personnes avec chaque résultat
Percentile par nombre de réponses
Votre historique - résultats
Vous n’avez pas pris ce quiz depuis la dernière actualisation